Statistiques concernant Les pays champions du monde dans chaque sport (2017)

Cliquez ici pour prendre le quiz!

Statistiques générales

  • Ce quiz a été pris 766 fois
  • Le résultat moyen est 46 sur 54

Statistiques - réponses

SportAnnéePays champion% Correct
Rallye2016France
100%
IndyCar2016France
100%
Handball2017France
100%
Voile2014France
100%
Ski accrobatique2017Etats-Unis
99%
Basket-ball2014Etats-Unis
99%
Gymnastique artistique2015Etats-Unis
99%
Football2014Allemagne
97%
Cyclisme (route)2016Allemagne
97%
Formule 12016Allemagne
97%
Biathlon2017Allemagne
97%
Combiné nordique2017Allemagne
97%
Bobsleigh2015Allemagne
97%
Tennis de table2017Chine
97%
Natation2015Chine
97%
Badminton2015Chine
97%
Tir2014Chine
97%
Plongeon2015Chine
97%
Haltérophilie2015Chine
97%
Karaté2016Japon
96%
Judo2015Japon
96%
Triathlon2016Espagne
95%
Moto GP2016Espagne
95%
Aviron2015Royaume-Uni
95%
Tennis2016Royaume-Uni
95%
Boxe anglaise2017Royaume-Uni
95%
Equitation2014Royaume-Uni
95%
Beach-volley2015Brésil
93%
Curling2017Canada
92%
Patinage artistique2017Canada
92%
Gymnastique rythmique2015Russie
92%
Escrime2016Russie
92%
Ski de fond2017Norvège
91%
Hockey sur glace2017Suède
91%
Rugby (à XV)2015Nouvelle-Zélande
85%
Hockey sur gazon2014Australie
83%
Cyclisme (piste)2017Australie
83%
Patinage de vitesse (piste longue)2017Pays-Bas
79%
Patinage de vitesse (piste courte)2017Corée du Sud
75%
Tir à l'arc2015Corée du Sud
75%
Taekwondo2015Corée du Sud
75%
Volley-ball2014Pologne
75%
Luge2017Autriche
73%
Ski alpin2017Autriche
73%
Snowboard2017Autriche
73%
Golf2016Danemark
62%
Water-polo2015Serbie
60%
Pantathlon moderne2016Hongrie
55%
Saut à ski2016Slovénie
52%
Athlétisme2015Kenya
49%
Lutte2015Turquie
44%
Escalade2016République Tchèque
42%
Canoë-kayak2015République Tchèque
42%
Skeleton2017Lettonie
30%

Distribution des résultats

Percentile par nombre de réponses

% des personnes avec chaque résultat

Votre développement - résultats

Vous n’avez pas pris ce quiz